000 00501 a2200157 4500
005 20250605150236.0
020 _a0-07-709825-0
082 _aTEA LECT 657.48 DAV
100 _aDAVIES, T.
245 _aBusiness Accounting and Finanace
260 _aLondon,
_bMcGraw-Hill,
_c2002.
300 _axvi, 663p.: ill.; figure, graph, mpicture, table.
_bGlossary, index.
_c27cm.
700 _aPAIN, B.
856 _yAccess online book
_fBusiness Accounting and Finance
_dwww.mcgraw-hill.co.uk
942 _2ddc
_cBKS
999 _c3241
_d3241